000 00478nmm a2200157Ia 4500
008 251105s9999||||xx |||||||||||||||||und||
020 _a9789707186248
041 _aspa
100 _aBrodskaïa, Nathalia
245 0 _aArte Naif
264 _a[Washington, Estados Unidos] :
_bParkstone International,
_c[Fecha de publicación no identificada]
300 _a0 páginas
650 _aArts in general
856 _uhttps://public.digitaliapublishing.com/a/122108
942 _cCF
999 _c97162
_d97162